[Event "Copenhagen Chess Challenge 2013"]
[Site "Ballerup"]
[Date "2013.??.??"]
[Round "9"]
[White "Jacobsen, Bo"]
[Black "Tikkanen, Hans"]
[Result "1/2-1/2"]
[WhiteElo "2310"]
[BlackElo "2552"]
[PlyCount "21"]
[EventDate "2013.??.??"]
[EventType "swiss"]
[EventRounds "9"]
[EventCountry "DEN"]

1. c4 e5 2. g3 Nc6 3. Bg2 f5 4. Nc3 Nf6 5. Nf3 Bb4 6. Nd5 Bd6 7. O-O Nxd5 8.
cxd5 Ne7 9. e4 O-O 10. d4 Ng6 11. exf5 1/2-1/2

[Event "Copenhagen Chess Challenge 2013"]
[Site "Ballerup"]
[Date "2013.??.??"]
[Round "9"]
[White "Aabling Thomsen, Jakob"]
[Black "Smith, Axel"]
[Result "1/2-1/2"]
[WhiteElo "2320"]
[BlackElo "2467"]
[PlyCount "87"]
[EventDate "2013.??.??"]
[EventType "swiss"]
[EventRounds "9"]
[EventCountry "DEN"]

1. c4 e6 2. Nf3 Nf6 3. g3 d5 4. Bg2 dxc4 5. Qa4+ Nbd7 6. Qxc4 a6 7. Qc2 c5 8.
O-O b5 9. a4 Bb7 10. axb5 axb5 11. Rxa8 Qxa8 12. Nc3 b4 13. Nd1 Be7 14. Ne3 O-O
15. b3 Nd5 16. Bb2 Nxe3 17. fxe3 Qa6 18. d3 Qb6 19. Ra1 Ra8 20. Rxa8+ Bxa8 21.
Qc1 Bf6 22. Qa1 Bxf3 23. Bxf3 Bxb2 24. Qxb2 Qd6 25. Kf2 g6 26. Qa1 Ne5 27. Qa8+
Kg7 28. Qe4 h5 29. Qf4 f5 30. d4 cxd4 31. exd4 Nf7 32. Qxd6 Nxd6 33. Ke3 Kf6
34. Kd3 Kg5 35. e4 fxe4+ 36. Bxe4 Kf6 37. Bf3 Kf5 38. Ke3 Kg5 39. Be2 Kf5 40.
Bd3+ Kg5 41. Be2 Kf5 42. Bd3+ Kg5 43. Be2 Kf5 44. Bd3+ 1/2-1/2

[Event "Copenhagen Chess Challenge 2013"]
[Site "Ballerup"]
[Date "2013.??.??"]
[Round "9"]
[White "Bejtovic, Jasmin"]
[Black "Nilsen, Joachim Birger"]
[Result "1/2-1/2"]
[WhiteElo "2406"]
[BlackElo "2229"]
[PlyCount "60"]
[EventDate "2013.??.??"]
[EventType "swiss"]
[EventRounds "9"]
[EventCountry "DEN"]

1. Nf3 Nf6 2. g3 b6 3. Bg2 Bb7 4. O-O c5 5. d3 g6 6. e4 d6 7. Nbd2 Nbd7 8. Re1
Bg7 9. c3 O-O 10. Qe2 Ne8 11. h4 Ne5 12. Ng5 Ba6 13. Nc4 Nxc4 14. dxc4 Rb8 15.
h5 Nf6 16. hxg6 hxg6 17. a4 Nh7 18. Nf3 Qd7 19. Be3 Qe6 20. Nd2 Bb7 21. a5 Bc6
22. axb6 axb6 23. Bf3 Nf6 24. Bf4 Ra8 25. Rxa8 Rxa8 26. e5 dxe5 27. Qxe5 Qxe5
28. Bxe5 Bxf3 29. Nxf3 Ra2 30. Re2 Ra7 1/2-1/2

[Event "Copenhagen Chess Challenge 2013"]
[Site "Ballerup"]
[Date "2013.??.??"]
[Round "9"]
[White "Hagen, Andreas Skytte"]
[Black "Haubro, Martin"]
[Result "1-0"]
[WhiteElo "2400"]
[BlackElo "2179"]
[PlyCount "55"]
[EventDate "2013.??.??"]
[EventType "swiss"]
[EventRounds "9"]
[EventCountry "DEN"]

1. e4 c5 2. Nf3 d6 3. d4 cxd4 4. Nxd4 Nf6 5. Nc3 a6 6. Be3 Nc6 7. f3 e6 8. Qd2
Be7 9. O-O-O Qc7 10. g4 Nd7 11. g5 b5 12. Nxc6 Qxc6 13. Ne2 Ne5 14. Nd4 Qc7 15.
h4 Bb7 16. Kb1 O-O-O 17. Qf2 Nc4 18. Bxc4 Qxc4 19. Nb3 b4 20. Bb6 Rd7 21. c3
bxc3 22. Rc1 Qd3+ 23. Ka1 Kb8 24. Rxc3 Qb5 25. Rhc1 Ka8 26. Na5 Rb8 27. Rb3 Qe5
28. Nc4 1-0

[Event "Copenhagen Chess Challenge 2013"]
[Site "Ballerup"]
[Date "2013.??.??"]
[Round "9"]
[White "Ochsner, Bjorn Moller"]
[Black "Tari, Aryan"]
[Result "1-0"]
[WhiteElo "2347"]
[BlackElo "2293"]
[PlyCount "75"]
[EventDate "2013.??.??"]
[EventType "swiss"]
[EventRounds "9"]
[EventCountry "DEN"]

1. e4 c5 2. Nf3 g6 3. d4 cxd4 4. Nxd4 Bg7 5. c4 Nc6 6. Be3 Nf6 7. Nc3 Nxd4 8.
Bxd4 d6 9. Be2 O-O 10. O-O Be6 11. Qd2 Qa5 12. Rfd1 Rfc8 13. b3 a6 14. Qe3 b5
15. cxb5 Nd7 16. Bxg7 Kxg7 17. Qd4+ Nf6 18. b4 Qa3 19. Nb1 Qa4 20. bxa6 Bc4 21.
Nc3 Qxa6 22. b5 e5 23. Qxc4 Rxc4 24. bxa6 Rxc3 25. f3 Ne8 26. a4 Kf6 27. Rab1
Ke7 28. Rb7+ Rc7 29. Bb5 Ra7 30. Rxa7 Rxa7 31. Bxe8 Kxe8 32. Rxd6 Ke7 33. Rb6
Kd7 34. Kf2 Kc7 35. a5 Kc8 36. Kg3 Rd7 37. Kg4 h6 38. h4 1-0

[Event "Copenhagen Chess Challenge 2013"]
[Site "Ballerup"]
[Date "2013.??.??"]
[Round "9"]
[White "Lokander, Martin"]
[Black "Sylvan, Jacob"]
[Result "1/2-1/2"]
[WhiteElo "2225"]
[BlackElo "2341"]
[PlyCount "53"]
[EventDate "2013.??.??"]
[EventType "swiss"]
[EventRounds "9"]
[EventCountry "DEN"]

1. d4 d5 2. c4 e6 3. Nc3 c6 4. e3 Nf6 5. Nf3 Nbd7 6. Bd3 dxc4 7. Bxc4 b5 8. Bd3
a6 9. O-O c5 10. e4 cxd4 11. Nxd4 Bb7 12. Qe2 Nc5 13. Rd1 b4 14. e5 Nfd7 15.
Ne4 Nxd3 16. Bg5 Qb6 17. Qxd3 Nc5 18. Nxc5 Bxc5 19. Nxe6 fxe6 20. Qd7+ Kf8 21.
Rd6 Bxd6 22. exd6 h6 23. Qe7+ Kg8 24. Qxe6+ Kh7 25. Qf5+ Kg8 26. Qe6+ Kh7 27.
Qf5+ 1/2-1/2

[Event "Copenhagen Chess Challenge 2013"]
[Site "Ballerup"]
[Date "2013.??.??"]
[Round "9"]
[White "Lovik, Lasse Ostebo"]
[Black "Kenneskog, Theodor"]
[Result "1/2-1/2"]
[WhiteElo "2310"]
[BlackElo "2234"]
[PlyCount "31"]
[EventDate "2013.??.??"]
[EventType "swiss"]
[EventRounds "9"]
[EventCountry "DEN"]

1. Nf3 Nf6 2. c4 g6 3. g3 Bg7 4. Bg2 d5 5. cxd5 Nxd5 6. O-O Nc6 7. Nc3 Nb6 8.
d3 O-O 9. h3 e5 10. Rb1 a5 11. Be3 Nd4 12. Kh2 h6 13. b4 axb4 14. Rxb4 Be6 15.
a4 c5 16. Rb1 1/2-1/2

[Event "Copenhagen Chess Challenge 2013"]
[Site "Ballerup"]
[Date "2013.??.??"]
[Round "9"]
[White "Poulsen, Iver"]
[Black "Lindgren, Philip"]
[Result "0-1"]
[WhiteElo "2057"]
[BlackElo "2260"]
[PlyCount "82"]
[EventDate "2013.??.??"]
[EventType "swiss"]
[EventRounds "9"]
[EventCountry "DEN"]

1. e4 c5 2. Nc3 d6 3. f4 g6 4. Nf3 Bg7 5. d4 cxd4 6. Nxd4 Nc6 7. Be3 Nf6 8. Be2
O-O 9. O-O Qb6 10. Qd3 Qxb2 11. Rab1 Qa3 12. Nxc6 bxc6 13. Nd5 Qa4 14. Rb4 Qxa2
15. Nxe7+ Kh8 16. Nxc6 a5 17. Rb3 Qa4 18. e5 Ba6 19. c4 Nd5 20. Qxd5 Qxb3 21.
Bd4 dxe5 22. Nxe5 Qb7 23. Bf3 Qxd5 24. Bxd5 Rac8 25. Rd1 Kg8 26. c5 Bb5 27. Bb7
Bxe5 28. fxe5 Rc7 29. Bf3 Rd8 30. Kf2 Ba4 31. Rd2 Rxc5 32. Ke3 Rc2 33. Rd3 Rc4
34. Rd2 Bb3 35. Be2 Rb4 36. Bg4 a4 37. Rd3 Be6 38. Bd1 a3 39. Bc5 Rxd3+ 40.
Kxd3 a2 41. Bxb4 a1=Q 0-1

[Event "Copenhagen Chess Challenge 2013"]
[Site "Ballerup"]
[Date "2013.??.??"]
[Round "9"]
[White "Westerinen, Heikki"]
[Black "Englert, Fabian"]
[Result "1/2-1/2"]
[WhiteElo "2335"]
[BlackElo "2214"]
[PlyCount "126"]
[EventDate "2013.??.??"]
[EventType "swiss"]
[EventRounds "9"]
[EventCountry "DEN"]

1. e4 g6 2. d4 Bg7 3. Nc3 a6 4. f4 b5 5. Nf3 Bb7 6. Bd3 d6 7. O-O Nd7 8. e5 c5
9. exd6 exd6 10. Be4 Bxe4 11. Nxe4 Ndf6 12. Re1 Kf8 13. dxc5 Nxe4 14. Rxe4 dxc5
15. Be3 Bxb2 16. Bxc5+ Kg7 17. Qxd8 Rxd8 18. Rb1 Nf6 19. Re7 Bc3 20. Rb3 Rd1+
21. Kf2 Nd5 22. Rd7 Bf6 23. c4 Nc3 24. Rxd1 Nxd1+ 25. Ke1 bxc4 26. Rb6 Rd8 27.
Rd6 Rxd6 28. Bxd6 Nc3 29. a3 Nb5 30. Bb4 Bb2 31. a4 Nc3 32. Bxc3+ Bxc3+ 33. Kd1
Kf6 34. Kc2 Bb4 35. Ne5 Kf5 36. g3 f6 37. Nxc4 Kg4 38. Ne3+ Kh3 39. Nd5 Bd6 40.
Nxf6 Kxh2 41. Kd3 Kxg3 42. Ne4+ Kxf4 43. Nxd6 h5 44. Ke2 h4 45. Kf2 g5 46. Nb7
g4 47. Nc5 g3+ 48. Kg2 a5 49. Kh3 Ke3 50. Kg2 Kf4 51. Kh3 Kf3 52. Nd3 Ke3 53.
Ne1 Kd2 54. Kxh4 g2 55. Nxg2 Kc3 56. Kg4 Kb4 57. Kf3 Kxa4 58. Ke2 Kb3 59. Kd2
Kb2 60. Ne3 a4 61. Nd1+ Kb3 62. Kc1 a3 63. Kb1 a2+ 1/2-1/2

[Event "Copenhagen Chess Challenge 2013"]
[Site "Ballerup"]
[Date "2013.??.??"]
[Round "9"]
[White "Rhee, Alexander"]
[Black "Fries Nielsen, Jens Ove"]
[Result "0-1"]
[WhiteElo "2147"]
[BlackElo "2373"]
[PlyCount "94"]
[EventDate "2013.??.??"]
[EventType "swiss"]
[EventRounds "9"]
[EventCountry "DEN"]

1. Nf3 d6 2. d4 Nf6 3. h3 c6 4. c4 Nbd7 5. Nc3 e5 6. e4 exd4 7. Qxd4 d5 8. e5
Bc5 9. Qf4 Ne4 10. Nxe4 dxe4 11. Qxe4 Qa5+ 12. Bd2 Bb4 13. Qe3 Nc5 14. Bxb4
Qxb4+ 15. Qd2 a5 16. Be2 O-O 17. O-O Qxd2 18. Nxd2 Bf5 19. Rfe1 Rfd8 20. Nf1 g5
21. b3 Rd4 22. Rad1 Rad8 23. Ne3 Bg6 24. h4 h6 25. hxg5 hxg5 26. Nd5 Rxd1 27.
Nf6+ Kf8 28. Rxd1 Rxd1+ 29. Bxd1 Ke7 30. a3 Nd3 31. Bc2 Nxe5 32. Bxg6 Kxf6 33.
Bc2 a4 34. Kf1 axb3 35. Bxb3 Nd3 36. Bd1 Ke5 37. Ke2 Kd4 38. g3 c5 39. Bc2 Ne5
40. f4 gxf4 41. gxf4 Nxc4 42. a4 b6 43. Kf3 Kc3 44. Bf5 Nd6 45. Bd7 Kd2 46. f5
c4 47. Kf4 f6 0-1

[Event "Copenhagen Chess Challenge 2013"]
[Site "Ballerup"]
[Date "2013.??.??"]
[Round "9"]
[White "Pedersen, Sven"]
[Black "Hove, Esben Kjems"]
[Result "0-1"]
[WhiteElo "2083"]
[BlackElo "2233"]
[PlyCount "66"]
[EventDate "2013.??.??"]
[EventType "swiss"]
[EventRounds "9"]
[EventCountry "DEN"]

1. e4 c6 2. d4 d5 3. Nc3 dxe4 4. Nxe4 Bf5 5. Ng3 Bg6 6. Nf3 Nd7 7. Bd3 Bxd3 8.
Qxd3 Ngf6 9. O-O e6 10. Re1 Qc7 11. Ne5 Nxe5 12. dxe5 Nd7 13. Qe2 O-O-O 14. Bf4
f5 15. Rad1 h6 16. Nxf5 exf5 17. e6 Qxf4 18. Rxd7 Rxd7 19. exd7+ Kxd7 20. Qe8+
Kc7 21. g3 Qd4 22. Re3 Qd7 23. Qa8 Qd8 24. Qxa7 Qd1+ 25. Kg2 Qd5+ 26. Kf1 Qb5+
27. c4 Qxc4+ 28. Kg1 Bd6 29. Rb3 Rb8 30. Qa5+ b6 31. Qxf5 Re8 32. Rf3 Re1+ 33.
Kg2 Qf1# 0-1

[Event "Copenhagen Chess Challenge 2013"]
[Site "Ballerup"]
[Date "2013.??.??"]
[Round "9"]
[White "Schou Moldt, Thomas"]
[Black "Mihajlov, Sebastian"]
[Result "1/2-1/2"]
[WhiteElo "2220"]
[BlackElo "2063"]
[PlyCount "101"]
[EventDate "2013.??.??"]
[EventType "swiss"]
[EventRounds "9"]
[EventCountry "DEN"]

1. e4 e5 2. Nf3 Nc6 3. Bc4 Bc5 4. c3 Nf6 5. d3 O-O 6. Bb3 d5 7. Qe2 dxe4 8.
dxe4 Qe7 9. h3 h6 10. Nbd2 a6 11. Nf1 Be6 12. g4 Ba7 13. Ng3 Na5 14. Bxe6 fxe6
15. Rh2 Nd7 16. g5 Qf7 17. Nh4 Nc5 18. gxh6 Nd3+ 19. Qxd3 Bxf2+ 20. Ke2 Rad8
21. Qxd8 Bxg3 22. Qxf8+ Kxf8 23. Rg2 Bxh4 24. hxg7+ Kg8 25. Be3 Nc4 26. Rg4
Nxe3 27. Kxe3 Qf2+ 28. Kd3 Qf3+ 29. Kc2 Qe2+ 30. Kb3 Bf2 31. a4 c5 32. a5 c4+
33. Ka2 Qc2 34. Rf1 Qe2 35. Rh1 Be3 36. Ka1 Qf3 37. Rh2 Bf4 38. Rhg2 Qxh3 39.
Rg6 Qf3 40. Rg1 Qxe4 41. Rxe6 Bg3 42. Re8+ Kxg7 43. Rxg3+ Kf7 44. Reg8 Qe1+ 45.
Ka2 e4 46. R3g7+ Kf6 47. Rxb7 Qd1 48. Rf8+ Kg6 49. Rg8+ Kf6 50. Rf8+ Kg6 51.
Rg8+ 1/2-1/2

[Event "Copenhagen Chess Challenge 2013"]
[Site "Ballerup"]
[Date "2013.??.??"]
[Round "9"]
[White "Frisk, Ellinor"]
[Black "Rydstrom, Tom"]
[Result "1/2-1/2"]
[WhiteElo "2194"]
[BlackElo "2149"]
[PlyCount "62"]
[EventDate "2013.??.??"]
[EventType "swiss"]
[EventRounds "9"]
[EventCountry "DEN"]

1. Nf3 d5 2. c4 c6 3. e3 Nf6 4. Nc3 Bg4 5. cxd5 Nxd5 6. Be2 e6 7. O-O Bd6 8.
Ne4 Be7 9. h3 Bh5 10. Ng3 Bg6 11. Ne5 Nd7 12. Nxg6 hxg6 13. d4 Qc7 14. e4 N5f6
15. Bg5 Nh5 16. Bxe7 Nxg3 17. fxg3 Kxe7 18. d5 Nf6 19. dxe6 fxe6 20. Kh2 Qe5
21. Qb3 b6 22. Rad1 g5 23. Rd3 c5 24. Rfd1 Rhd8 25. Qa3 Rxd3 26. Qxd3 Qc7 27.
Qe3 Qe5 28. Qd3 Qc7 29. Qe3 Qe5 30. Qd3 Rc8 31. b3 Qc7 1/2-1/2

[Event "Copenhagen Chess Challenge 2013"]
[Site "Ballerup"]
[Date "2013.??.??"]
[Round "9"]
[White "Johansen, Johnny Holler"]
[Black "Matthiesen, Martin"]
[Result "0-1"]
[WhiteElo "2016"]
[BlackElo "2284"]
[PlyCount "60"]
[EventDate "2013.??.??"]
[EventType "swiss"]
[EventRounds "9"]
[EventCountry "DEN"]

1. e4 c5 2. c3 d5 3. exd5 Qxd5 4. d4 g6 5. Nf3 Bg7 6. Be2 cxd4 7. cxd4 Nf6 8.
Nc3 Qd6 9. O-O O-O 10. Nb5 Qd8 11. Bf4 Na6 12. Nc3 Nb4 13. Qb3 Nbd5 14. Nxd5
Nxd5 15. Bg3 b6 16. Ne5 Bb7 17. Rac1 e6 18. Bb5 Qe7 19. Bc6 Rac8 20. Bxb7 Qxb7
21. Nc4 Qa6 22. Be5 Bh6 23. Rc2 Rc6 24. Nd2 Rxc2 25. Qxc2 Qe2 26. Rd1 Nb4 27.
Qc1 Nd3 28. Qc2 Nxf2 29. Rf1 Bxd2 30. Rxf2 Qe1+ 0-1

[Event "Copenhagen Chess Challenge 2013"]
[Site "Ballerup"]
[Date "2013.??.??"]
[Round "9"]
[White "Brondt, Nicolai Kvist"]
[Black "Slettebo, Jan"]
[Result "1-0"]
[WhiteElo "2169"]
[BlackElo "2054"]
[PlyCount "43"]
[EventDate "2013.??.??"]
[EventType "swiss"]
[EventRounds "9"]
[EventCountry "DEN"]

1. Nf3 Nc6 2. d4 d5 3. Bf4 Bg4 4. e3 e6 5. c4 Nf6 6. Nc3 Bb4 7. Rc1 Ne4 8. Qa4
g5 9. Bg3 O-O 10. Ne5 Bxc3+ 11. bxc3 Nxe5 12. Bxe5 f6 13. Bg3 a6 14. Bd3 Bf5
15. Qc2 b5 16. c5 Qd7 17. f3 Nxg3 18. hxg3 c6 19. e4 Bg6 20. Kf2 Rae8 21. exd5
Bxd3 22. dxc6 1-0

[Event "Copenhagen Chess Challenge 2013"]
[Site "Ballerup"]
[Date "2013.??.??"]
[Round "9"]
[White "Olsen, Michael Richard W"]
[Black "Percivaldi, Martin"]
[Result "0-1"]
[WhiteElo "1977"]
[BlackElo "2097"]
[PlyCount "58"]
[EventDate "2013.??.??"]
[EventType "swiss"]
[EventRounds "9"]
[EventCountry "DEN"]

1. a3 d5 2. g3 c5 3. Bg2 Nc6 4. e4 e6 5. b4 cxb4 6. axb4 Nxb4 7. d4 dxe4 8. Ne2
Nf6 9. O-O Be7 10. c4 O-O 11. Nbc3 Nc6 12. Be3 Na5 13. Qa4 b6 14. Nxe4 Bb7 15.
Nxf6+ Bxf6 16. Bxb7 Nxb7 17. Rac1 Nd6 18. Rfd1 Qe8 19. Qa2 b5 20. c5 Nc4 21.
Rxc4 bxc4 22. Qxc4 Qe7 23. f4 Rfd8 24. Nc3 Qc7 25. Ra1 a5 26. Ra2 Qc6 27. h3
Rab8 28. Qa4 Qf3 29. Re2 Qxg3+ 0-1

[Event "Copenhagen Chess Challenge 2013"]
[Site "Ballerup"]
[Date "2013.??.??"]
[Round "9"]
[White "Jacobsen, Mads Holger Bang"]
[Black "Brekka, Hanus"]
[Result "1/2-1/2"]
[WhiteElo "2050"]
[BlackElo "2092"]
[PlyCount "89"]
[EventDate "2013.??.??"]
[EventType "swiss"]
[EventRounds "9"]
[EventCountry "DEN"]

1. c4 e5 2. g3 Nf6 3. Bg2 Nc6 4. Nc3 d6 5. e4 Be7 6. Nge2 O-O 7. O-O Na5 8. d3
c5 9. h3 Ne8 10. f4 exf4 11. Nxf4 Bf6 12. Nfd5 Bd4+ 13. Be3 Nc6 14. Bxd4 cxd4
15. Ne2 Qg5 16. Qe1 Qh6 17. Qc1 Qxc1 18. Raxc1 Be6 19. a3 a5 20. b3 g6 21. Rb1
Kg7 22. Rfd1 g5 23. b4 axb4 24. axb4 Ra2 25. Nc1 Rc2 26. b5 Bxd5 27. bxc6 Bxc6
28. Nb3 Rc3 29. Nxd4 Kg6 30. Rb6 Ng7 31. Nxc6 bxc6 32. Rxc6 Ra8 33. Rxd6+ Ne6
34. Rd2 Kg7 35. Kh2 h5 36. h4 gxh4 37. gxh4 Nf4 38. Kg3 Ng6 39. Rd5 Raa3 40.
Bf3 f6 41. Bxh5 Ne5 42. Kh2 Nxd3 43. Rg2+ Kf8 44. Rd8+ Ke7 45. Re8+ 1/2-1/2

[Event "Copenhagen Chess Challenge 2013"]
[Site "Ballerup"]
[Date "2013.??.??"]
[Round "9"]
[White "Lepot, Simon"]
[Black "Tandrup, Michael"]
[Result "1/2-1/2"]
[WhiteElo "2075"]
[BlackElo "1977"]
[PlyCount "37"]
[EventDate "2013.??.??"]
[EventType "swiss"]
[EventRounds "9"]
[EventCountry "DEN"]

1. e4 c5 2. Nf3 d6 3. d4 cxd4 4. Nxd4 Nf6 5. Nc3 g6 6. Be3 Bg7 7. Bc4 O-O 8. f3
Nc6 9. Bb3 Bd7 10. Qd2 Re8 11. O-O-O Na5 12. Kb1 Nxb3 13. cxb3 a6 14. h4 h5 15.
Rdg1 e5 16. Nde2 Be6 17. Bg5 Qa5 18. Rd1 Nh7 19. Be3 1/2-1/2

[Event "Copenhagen Chess Challenge 2013"]
[Site "Ballerup"]
[Date "2013.??.??"]
[Round "9"]
[White "Nielsen, Thomas (1975)"]
[Black "Andersen, Kim Nyvang"]
[Result "1/2-1/2"]
[WhiteElo "1886"]
[BlackElo "2003"]
[PlyCount "52"]
[EventDate "2013.??.??"]
[EventType "swiss"]
[EventRounds "9"]
[EventCountry "DEN"]

1. d4 Nf6 2. c4 e6 3. Nc3 Bb4 4. Qc2 O-O 5. e3 b6 6. a3 Be7 7. Be2 Bb7 8. Bf3
d5 9. Nge2 a5 10. cxd5 exd5 11. Nf4 Na6 12. O-O Re8 13. Qf5 g6 14. Qc2 c6 15.
Nd3 Bd6 16. Re1 Qc7 17. g3 Ne4 18. Bg2 f5 19. f3 Nf6 20. e4 fxe4 21. fxe4 Nxe4
22. Nxe4 dxe4 23. Rxe4 c5 24. Rxe8+ Rxe8 25. Bxb7 Qxb7 26. Bf4 Bxf4 1/2-1/2

[Event "Copenhagen Chess Challenge 2013"]
[Site "Ballerup"]
[Date "2013.??.??"]
[Round "9"]
[White "Petrovski, Petruli"]
[Black "Nielsen, Brian"]
[Result "1-0"]
[WhiteElo "1858"]
[BlackElo "2022"]
[PlyCount "145"]
[EventDate "2013.??.??"]
[EventType "swiss"]
[EventRounds "9"]
[EventCountry "DEN"]

1. Nf3 g6 2. e4 Bg7 3. d4 d6 4. Nc3 Nf6 5. h3 O-O 6. Be3 a6 7. Bd3 b5 8. Qd2
Bb7 9. a3 Nbd7 10. O-O c5 11. d5 Qc7 12. Bh6 c4 13. Bxg7 Kxg7 14. Be2 Nc5 15.
Qd4 e5 16. Qe3 Bc8 17. Nh2 Qe7 18. Ng4 Bxg4 19. hxg4 h6 20. g3 Qd7 21. f3 Rac8
22. Kg2 Rh8 23. Rh1 a5 24. Raf1 b4 25. axb4 axb4 26. Nd1 Qa4 27. Qd2 Qa5 28.
Ne3 c3 29. bxc3 bxc3 30. Qc1 Na4 31. Rh3 Qb4 32. Rfh1 Ng8 33. g5 h5 34. g4 h4
35. Rxh4 Ne7 36. R1h2 Rxh4 37. Rxh4 Qd4 38. Qh1 Qd2 39. Kf2 Rg8 40. Rh7+ Kf8
41. Qa1 Qd4 42. Qa3 Nc8 43. Qb3 Nab6 44. Qb5 Qa4 45. Qb1 Rg7 46. Bb5 Qd4 47.
Rh8+ Rg8 48. Qh1 Qd2+ 49. Be2 Ne7 50. Qh6+ Ke8 51. Qg7 Rxh8 52. Qxh8+ Kd7 53.
Qf8 Nbc8 54. Qxf7 Kc7 55. Qe6 Qd4 56. Qf7 Kd8 57. Qf8+ Kc7 58. Qe8 Kb6 59. Qb5+
Kc7 60. Qa5+ Nb6 61. Qa7+ Kd8 62. Qb8+ Nec8 63. Qb7 Nd7 64. Qa8 Ndb6 65. Qa6
Kc7 66. Qd3 Na7 67. Qxd4 exd4 68. Nc4 Na4 69. Na3 Nc5 70. Bd3 Nxd3+ 71. cxd3
Kb6 72. Ke2 Nc8 73. f4 1-0

[Event "Copenhagen Chess Challenge 2013"]
[Site "Ballerup"]
[Date "2013.??.??"]
[Round "9"]
[White "Ulrich, Thomas"]
[Black "Andreassen, Mikkel"]
[Result "1-0"]
[WhiteElo "2005"]
[BlackElo "1928"]
[PlyCount "89"]
[EventDate "2013.??.??"]
[EventType "swiss"]
[EventRounds "9"]
[EventCountry "DEN"]

1. e4 e5 2. Nf3 Nc6 3. Bb5 a6 4. Ba4 Nf6 5. Qe2 b5 6. Bb3 Bc5 7. c3 O-O 8. O-O
Re8 9. d3 d5 10. Bg5 d4 11. Nbd2 Qd6 12. Rfd1 Bb7 13. Nf1 Na5 14. Ng3 Nxb3 15.
axb3 Bc8 16. b4 Bb6 17. Bxf6 Qxf6 18. cxd4 exd4 19. Rdc1 Qd6 20. Qd2 f6 21. Nh4
g6 22. Qh6 Qf8 23. Qd2 Bd7 24. Nf3 Kg7 25. h4 h5 26. Ne2 Qd6 27. Nf4 c6 28. g3
Re7 29. Rc2 Be8 30. Ne2 Rea7 31. Rcc1 a5 32. bxa5 Rxa5 33. Rxa5 Bxa5 34. Qc2
Bb6 35. Re1 Bf7 36. Nf4 Ra7 37. Kf1 c5 38. e5 fxe5 39. Nxe5 Re7 40. Nxf7 Rxe1+
41. Kxe1 Kxf7 42. Qb3+ Kg7 43. Qxb5 Bc7 44. Qb7 Kf6 45. Qxc7 1-0

[Event "Copenhagen Chess Challenge 2013"]
[Site "Ballerup"]
[Date "2013.??.??"]
[Round "9"]
[White "Vesterli, Michael E"]
[Black "Hansen, Rasmus Agertoft"]
[Result "1-0"]
[WhiteElo "2015"]
[BlackElo "1981"]
[PlyCount "49"]
[EventDate "2013.??.??"]
[EventType "swiss"]
[EventRounds "9"]
[EventCountry "DEN"]

1. d4 d5 2. c4 e5 3. dxe5 d4 4. Nf3 Nc6 5. g3 h6 6. Nbd2 g5 7. Nb3 Bb4+ 8. Bd2
Bf5 9. Bxb4 Nxb4 10. Nfxd4 Be4 11. f3 Bg6 12. a3 Na6 13. Bh3 Qe7 14. e6 Nf6 15.
exf7+ Qxf7 16. Qc1 g4 17. Bg2 O-O-O 18. O-O Qe7 19. Qf4 h5 20. Qg5 Nc5 21. Qxg6
Rxd4 22. Nxd4 Qe3+ 23. Kh1 Qxd4 24. fxg4 Nxg4 25. Qf5+ 1-0

[Event "Copenhagen Chess Challenge 2013"]
[Site "Ballerup"]
[Date "2013.??.??"]
[Round "9"]
[White "Karlsson, Ulf"]
[Black "Marthedal, Anton Mehmet Yildiz"]
[Result "1-0"]
[WhiteElo "2004"]
[BlackElo "1574"]
[PlyCount "45"]
[EventDate "2013.??.??"]
[EventType "swiss"]
[EventRounds "9"]
[EventCountry "DEN"]

1. e4 d6 2. Nc3 Nf6 3. g3 g6 4. Bg2 Bg7 5. d3 O-O 6. f4 Nbd7 7. Nf3 c6 8. O-O
b5 9. h3 Qc7 10. g4 b4 11. Ne2 d5 12. e5 Ne8 13. d4 e6 14. Qe1 a5 15. f5 f6 16.
Nf4 Nb6 17. fxg6 fxe5 18. gxh7+ Kxh7 19. Qh4+ Kg8 20. Ng6 Bf6 21. Bg5 Rf7 22.
Bxf6 Rxf6 23. Qh8+ 1-0

[Event "Copenhagen Chess Challenge 2013"]
[Site "Ballerup"]
[Date "2013.??.??"]
[Round "9"]
[White "Hansen, Mads"]
[Black "Bekker Jensen, Simon"]
[Result "0-1"]
[WhiteElo "2301"]
[BlackElo "2412"]
[PlyCount "114"]
[EventDate "2013.??.??"]
[EventType "swiss"]
[EventRounds "9"]
[EventCountry "DEN"]

1. e4 c5 2. Nf3 d6 3. d4 Nf6 4. Nc3 cxd4 5. Nxd4 a6 6. g3 g6 7. Bg2 Bg7 8. O-O
O-O 9. b3 Qc7 10. Bb2 Nc6 11. Re1 Bg4 12. Qd2 Rac8 13. Nxc6 bxc6 14. Na4 Nd7
15. Bxg7 Kxg7 16. Qd4+ f6 17. e5 Nxe5 18. Rxe5 fxe5 19. Qxg4 Rf6 20. Rf1 Rcf8
21. Qe2 a5 22. c4 e6 23. Qe3 d5 24. f3 e4 25. fxe4 Rxf1+ 26. Bxf1 Qe5 27. Qc3
d4 28. Qe1 d3 29. Qc3 Qxc3 30. Nxc3 Kf6 31. Bxd3 Ke5 32. Bf1 Kd4 33. Ne2+ Kxe4
34. Nf4 e5 35. Ne6 Rf6 36. Bg2+ Ke3 37. Nc5 Kd4 38. Nd7 Rd6 39. Nb6 e4 40. c5
Rf6 41. Nc4 e3 42. Bf1 Rf2 43. Nxa5 Rxa2 44. Nxc6+ Kxc5 45. Ne5 e2 46. Bxe2
Rxe2 47. Nf3 Kd5 48. b4 Rb2 49. b5 Kd6 50. Ng5 h5 51. Nf3 Ke6 52. h3 Kf6 53.
Kf1 g5 54. b6 Rxb6 55. Ke2 Rb2+ 56. Nd2 Kf5 57. Ke3 Ra2 0-1

[Event "Copenhagen Chess Challenge 2013"]
[Site "Ballerup"]
[Date "2013.??.??"]
[Round "9"]
[White "Hagen, Anders Gjerdrum"]
[Black "Carstensen, Jacob"]
[Result "1/2-1/2"]
[WhiteElo "2134"]
[BlackElo "2401"]
[PlyCount "42"]
[EventDate "2013.??.??"]
[EventType "swiss"]
[EventRounds "9"]
[EventCountry "DEN"]

1. d4 Nf6 2. c4 e6 3. Nc3 Bb4 4. e3 c5 5. Nge2 b6 6. a3 Ba5 7. Rb1 Na6 8. g3
Bb7 9. d5 Ne4 10. Bg2 Bxc3+ 11. bxc3 Nd6 12. O-O e5 13. f4 e4 14. g4 h5 15. Ng3
Qe7 16. Qc2 O-O-O 17. Nxe4 hxg4 18. Nxd6+ Qxd6 19. Qf5 Rh4 20. Bd2 Rdh8 21. Be1
Rxh2 1/2-1/2

[Event "Copenhagen Chess Challenge 2013"]
[Site "Ballerup"]
[Date "2013.??.??"]
[Round "9"]
[White "Gandrud, Vegar Koi"]
[Black "Johansson, Linus"]
[Result "1/2-1/2"]
[WhiteElo "2251"]
[BlackElo "2348"]
[PlyCount "61"]
[EventDate "2013.??.??"]
[EventType "swiss"]
[EventRounds "9"]
[EventCountry "DEN"]

1. d4 Nf6 2. c4 e6 3. Nf3 b6 4. g3 Ba6 5. Qa4 Bb7 6. Bg2 Be7 7. O-O O-O 8. Nbd2
Na6 9. Qc2 d5 10. b3 c5 11. cxd5 exd5 12. Bb2 Rc8 13. Rac1 h6 14. Qb1 Qd6 15.
Rfd1 Qe6 16. dxc5 bxc5 17. e3 Rfd8 18. Ne1 Re8 19. Nd3 Bd6 20. Re1 g5 21. Ba1
Qf5 22. Qb2 Nb4 23. Nxb4 Be5 24. Qc2 Ne4 25. Nxe4 dxe4 26. Nc6 Bxc6 27. Qxc5
Bd7 28. Qa5 Bxa1 29. Qxf5 Bxf5 30. Rxc8 Rxc8 31. Rxa1 1/2-1/2

[Event "Copenhagen Chess Challenge 2013"]
[Site "Ballerup"]
[Date "2013.??.??"]
[Round "9"]
[White "Villegas, Pierre"]
[Black "Thybo, Jesper Sondergaard"]
[Result "1-0"]
[WhiteElo "2281"]
[BlackElo "2091"]
[PlyCount "51"]
[EventDate "2013.??.??"]
[EventType "swiss"]
[EventRounds "9"]
[EventCountry "DEN"]

1. d4 Nf6 2. c4 e6 3. Nc3 c5 4. d5 exd5 5. cxd5 d6 6. e4 g6 7. Nge2 Bg7 8. Ng3
O-O 9. Be2 Na6 10. O-O Nc7 11. Bg5 Bd7 12. f4 Qe8 13. Qd2 b5 14. e5 dxe5 15.
Bxf6 Bxf6 16. Nce4 Bg7 17. f5 f6 18. Nxc5 Bxf5 19. Nxf5 gxf5 20. d6 Rd8 21. Nb7
Rd7 22. Qc2 Qf7 23. Qxf5 Ne6 24. Bh5 Rxb7 25. Bxf7+ Kxf7 26. Qxe5 1-0

[Event "Copenhagen Chess Challenge 2013"]
[Site "Ballerup"]
[Date "2013.??.??"]
[Round "9"]
[White "Skovgaard, Ib"]
[Black "Skousen, Nikolai"]
[Result "1-0"]
[WhiteElo "2028"]
[BlackElo "2192"]
[PlyCount "45"]
[EventDate "2013.??.??"]
[EventType "swiss"]
[EventRounds "9"]
[EventCountry "DEN"]

1. e4 c5 2. Nf3 g6 3. d4 cxd4 4. Nxd4 Nc6 5. Bb5 Bg7 6. Be3 Nf6 7. f3 O-O 8.
Nc3 Ne5 9. f4 Neg4 10. Bg1 e5 11. h3 exd4 12. Bxd4 Nxe4 13. hxg4 Nxc3 14. bxc3
Re8+ 15. Kf2 a6 16. Bxg7 Kxg7 17. Qd4+ f6 18. g5 Rf8 19. Bc4 b5 20. Bd5 Rb8 21.
Rae1 d6 22. f5 Bxf5 23. Rxh7+ 1-0